| 000 | 00561nam a2200217Ia 4500 | ||
|---|---|---|---|
| 003 | OSt | ||
| 005 | 20220928142221.0 | ||
| 006 | a|||||r|||| 00| 0 | ||
| 007 | ta | ||
| 008 | 220927b |||||||| |||| 00| 0 eng d | ||
| 024 | _a18675 | ||
| 037 | _cTextual | ||
| 040 |
_aSDCL _cSDCL _beng |
||
| 041 |
_2eng _aeng |
||
| 082 | _aP15,C301xN53, N2.1-.2 | ||
| 100 |
_aSuri Lavanya Vijaya _9502913 |
||
| 245 | 0 | _aDhaturatnakara. | |
| 260 | _c1992 | ||
| 942 |
_hP15,C301xN53, N2.1-.2 _cTEXL _2CC |
||
| 999 |
_c820906 _d820906 |
||